NEURAL NETWORKS AND LEARNING MACHINES (Record no. 5199)

MARC details
000 -LEADER
fixed length control field 00456nam a22001817a 4500
005 - DATE AND TIME OF LATEST TRANSACTION
control field 20180208125228.0
008 - FIXED-LENGTH DATA ELEMENTS--GENERAL INFORMATION
fixed length control field 160905b xxu||||| |||| 00| 0 eng d
020 ## - INTERNATIONAL STANDARD BOOK NUMBER
ISBN 978-93-325-7031-3
041 ## - LANGUAGE CODE
Language code of text/sound track or separate title eng
082 ## - DEWEY DECIMAL CLASSIFICATION NUMBER
Classification number 006.32
Item number 21041
100 ## - MAIN ENTRY--AUTHOR NAME
Personal name HAYKIN,SIMON
245 ## - TITLE STATEMENT
Title NEURAL NETWORKS AND LEARNING MACHINES
250 ## - EDITION STATEMENT
Edition statement 3RD ED.
260 ## - PUBLICATION, DISTRIBUTION, ETC. (IMPRINT)
Name of publisher PEARSON
Place of publication NEW DELHI
Year of publication 2016
300 ## - PHYSICAL DESCRIPTION
Number of Pages 887
650 ## - SUBJECT ADDED ENTRY--TOPICAL TERM
Topical Term INFORMATION TECHNOLOGY
942 ## - ADDED ENTRY ELEMENTS (KOHA)
Koha item type Books
Holdings
Lost status Damaged status Home library Current library Shelving location Date acquired Source of acquisition Cost, normal purchase price Full call number Accession Number Copy number Koha item type Collection code
    JRU Library   SHELF-5-D 05/09/2016 PURCHASE 649.00 006.32 21039 3 Books  
    JRU Library JRU Library SHELF-52-B 05/09/2016 PURCHASE 649.00 006.32 21040   Books CS/IT
    JRU Library JRU Library SHELF-50-D 05/09/2016 PURCHASE 649.00 006.32 21041   Books CS/IT